000 00705nam a2200217 a 4500
999 _c7585
_d7585
001 7585
003 BD-JhCC
005 20180212084950.0
008 180212s1975 bg a|||| ||a| 000 0 be d
035 _a(BD-JhCC)7585
040 _aBD-JhCC
_dBD-JhCC
041 _aben
082 _a300.1
_bKHA 1975
100 _aখাতুন,শরিফা
245 _aমাধ্যমিক বিদ্যালয়ে সামাজিক বিজ্ঞান শিক্ষণ /
_cশরিফা খাতুন .
260 _aঢাকা :
_bবাংলা একাডেমী ;
_c1975 .
300 _a386 p. :
_bill ;
_c22 cm.
651 _aSocial Science
942 _2lcc
_cBK